000 01139nam a2200337 a 4500
001 000111786
003 CHAP
005 20220329144229.0
008 150728s2014 mx |r| |||||||spa d
010 _a108247
011 _a109219
040 _cCHAP
090 _aFolleto 18497
245 0 0 _aDetoxificación de la pasta de higuerilla y su incorporación en unidades pecuarias /
_cpor Ma. Antonieta Goytia Jiménez ...[et al.].
260 _aChapingo, Méx. :
_bUACH.,
_c2014.
300 _a32 p. :
_bil., cuadrs. gráfs..
590 _aBATCH-UPD
_b05
_c20180726
_lUCH01
_h0921
590 _aE5995AHE
_b05
_c20150728
_lUCH01
_h1211
590 _aE5995AHE
_b05
_c20150728
_lUCH01
_h1211
590 _aE5995AHE
_b05
_c20150728
_lUCH01
_h1211
590 _aE5995AHE
_b05
_c20150728
_lUCH01
_h1224
590 _aE5995AHE
_b05
_c20150728
_lUCH01
_h1235
650 1 4 _aConejos
_xAlimentación.
_926353
650 1 4 _aDietas.
_932541
650 1 4 _aGanado lanar
_xAlimentación.
_945153
650 1 4 _aPasta de higuerilla
_xDetoxificación.
_9129741
700 1 _aGoytia Jiménez, Ma. Antonieta.
_950145
901 _aBK
942 _cFOLL
942 _n0
999 _c108247
_d108247